Capipalestra Pokémon (Kanto-Paldea) - Statistics

Statistiche generali
  • Questo quiz è stato fatto 79 volte
  • Il punteggio medio è 34 su 85
Statistiche sulle risposte
Regione Città Tipo Medaglia Risposta % Corretto
Kanto Plumbeopoli Roccia Medaglia Sasso Brock
100%
Kanto Celestopoli Acqua Medaglia Cascata Misty
96%
Kanto Smeraldopoli Terra Medaglia Terra Giovanni
82%
Kanto Aranciopoli Elettro Medaglia Tuono Lt. Surge
81%
Kanto Zafferanopoli Psico Medaglia Palude Sabrina
81%
Kanto Azzurropoli Erba Medaglia Arcobaleno Erika
79%
Johto Fiordoropoli Normale Medaglia Piana Chiara
74%
Kanto Fucsiapoli Veleno Medaglia Anima Koga
72%
Hoenn Petalipoli Normale Medaglia Armonia Norman
72%
Kanto Isola Cannella Fuoco Medaglia Vulcano Blaine
70%
Hoenn Cuordilava Fuoco Medaglia Fiamma Fiammetta
70%
Hoenn Ferrugipoli Roccia Medaglia Pietra Petra
68%
Unima Levantopoli Erba Medaglia Tris Spighetto
68%
Johto Violapoli Volante Medaglia Zefiro Valerio
65%
Hoenn Forestopoli Volante Medaglia Piuma Alice
61%
Hoenn Ceneride Acqua Medaglia Pioggia Adriano
60%
Hoenn Ciclamipoli Elettro Medaglia Dinamo Walter
60%
Unima Boreduopoli Drago Medaglia Leggenda Iris
58%
Sinnoh Pratopoli Acqua Medaglia Acquitrino Omar
58%
Sinnoh Nevepoli Ghiaccio Medaglia Ghiacciolo Bianca
56%
Johto Ebanopoli Drago Medaglia Levante Sandra
56%
Hoenn Verdeazzupoli Psico Medaglia Mente Tell e Pat
56%
Sinnoh Cuoripoli Spettro Medaglia Vestigia Fannie
54%
Sinnoh Evopoli Erba Medaglia Bosco Gardenia
54%
Johto Olivinopoli Acciaio Medaglia Minerale Jasmine
54%
Sinnoh Rupepoli Lotta Medaglia Ciottolo Marzia
54%
Hoenn Bluruvia Lotta Medaglia Pugno Rudi
54%
Sinnoh Arenipoli Elettro Medaglia Faro Corrado
53%
Sinnoh Mineropoli Roccia Medaglia Carbone Pedro
53%
Johto Azalina Coleottero Medaglia Alveare Raffaello
53%
Johto Amarantopoli Spettro Medaglia Nebbia Angelo
51%
Unima Boreduopoli Drago Medaglia Leggenda Aristide
49%
Unima Sciroccopoli Elettro Medaglia Volt Camelia
49%
Sinnoh Canalipoli Acciaio Medaglia Cava Ferruccio
49%
Unima Levantopoli Fuoco Medaglia Tris Chicco
47%
Johto Fiorlisopoli Lotta Medaglia Tempesta Furio
47%
Johto Mogania Ghiaccio Medaglia Gelo Alfredo
46%
Unima Zefiropoli Normale Medaglia Base Aloé
46%
Unima Austropoli Coleottero Medaglia Scarabeo Artemisio
44%
Unima Alisopoli Normale Medaglia Base Komor
44%
Unima Levantopoli Acqua Medaglia Tris Maisello
44%
Kanto Fucisapoli Veleno Medaglia Anima Nina
44%
Unima Libecciopoli Terra Medaglia Sisma Rafan
44%
Unima Mistralopoli Ghiaccio Medaglia Stalattite Silvestro
40%
Unima Ponentopoli Volante Medaglia Jet Anemone
37%
Kalos Luminopoli Elettro Medaglia Voltaggio Lem
37%
Hoenn Ceneride Acqua Medaglia Pioggia Rodolfo
35%
Unima Zondopoli Veleno Medaglia Arsenico Velia
32%
Kalos Yantaropoli Lotta Medaglia Lotta Ornella
30%
Kalos Novartopoli Coleottero Medaglia Insetto Violetta
30%
Alola Mele Mele Lotta Luctium Z (kahuna) Hala
26%
Unima Grecalopoli Acqua Medaglia Onda Ciprian
25%
Kalos Altoripoli Roccia Medaglia Rupe Lino
25%
Kalos Romantopoli Folletto Medaglia Folletto Valerie
25%
Kalos Fluxopoli Psico Medaglia Psico Astra
23%
Alola Akala Fuoco Pirium Z Kawe
23%
Kalos Temperopoli Erba Medaglia Pianta Amur
21%
Galar Keelford Acqua Medaglia acqua Azzurra
21%
Alola Mele Mele Normale Normium Z Liam
21%
Alola Ula Ula Spettro Spectrium Z Malpi
21%
Alola Akala Acqua Idrium Z Suiren
21%
Galar Latermore Lotta Medaglia lotta Fabia
19%
Alola Poni Terra Terrium Z Hapi
19%
Alola Akala Erba Herbium Z Ibis
19%
Kalos Fractalopoli Ghiaccio Medaglia Iceberg Edel
18%
Paldea Leudapoli Elettro Medaglia elettro Kissara
18%
Alola Akala Roccia Petrium Z (kahuna) Alyxia
16%
Galar Turrfield Erba Medaglia erba Yarrow
16%
Alola Ula Ula Buio Obscurium Z (kahuna) Augusto
14%
Galar Steamington Fuoco Medaglia fuoco Kabu
14%
Galar Circhester Roccia Medaglia roccia Milo
14%
Galar Latermore Spettro Medaglia spettro Onion
14%
Alola Poni Folletto Follectium Z Rika
14%
Paldea Mesturia Normale Medaglia normale Ubaldo
14%
Paldea Garrafopoli Acqua Medaglia acqua Algaro
12%
Galar Knuckleburgh Drago Medaglia drago Laburno
12%
Galar Piquedilly Folletto Medaglia folletto Poppy
12%
Paldea Los Tazones Erba Medaglia erba Brassius
11%
Alola Ula Ula Elettro Electrium Z Chrys
11%
Galar Spikeville Buio Medaglia buio Ginepro
11%
Paldea Sierra Napada Ghiaccio Medaglia ghiaccio Grusha
11%
Galar Circhester Ghiaccio Medaglia ghiaccio Melania
11%
Paldea Neveria Spettro Medaglia spettro Lima
9%
Paldea Molducia Coleottero Medaglia coleottero Aceria
7%
Paldea Las Brasas Psico Medaglia psico Tulipa
7%
Nessun quiz corrispondente trovato
Distribuzione punteggi
Percentuale di utenti per punteggio
Percentile per numero di risposta
I tuoi punteggi nel tempo
Non hai fatto questo quiz